| 000 | 00464cam a2200193ua 4500 | ||
|---|---|---|---|
| 001 | 3407 | ||
| 008 | 111220n ii |||gr||||Z||||||asm | ||
| 020 | _a81-7331-068-8 | ||
| 040 | _cMAIN | ||
| 082 | _a891.4513 | ||
| 100 |
_aDeka, Namita, _eEdited. |
||
| 245 | 1 | 1 |
_aAwahanar galpa _cby Namita Deka |
| 250 | _a1st. | ||
| 260 |
_aGuahati: _bLawyers book stall,994. |
||
| 300 |
_a254p: _c23cm. |
||
| 653 | _aAssamese novel | ||
| 653 | _aAwahanar galpa | ||
| 942 | _cBK | ||
| 999 |
_c3251 _d3251 |
||